Effectif LOSC saison 2024/2025 - Statistiques

Statistiques générales
  • Ce quiz a été pris 1 496 fois
    407 depuis la dernière actualisation
  • Le résultat moyen est 19 sur 28
Statistiques - réponses
Hint Réponse % Correct
G Lucas Chevalier
97%
A Jonathan David
95%
M Benjamin André
91%
Coach Bruno Genesio
91%
A Edon Zhegrova
89%
D Bafodé Diakité
87%
D Alexsandro
86%
D Tiago Santos
84%
M Angel Gomes
78%
D Thomas Meunier
78%
M Rémy Cabella
77%
D Ismaily
70%
G Vito Mannone
70%
A Mohamed Bayo
66%
D Aïssa Mandi
65%
M Hákon Arnar Haraldsson
65%
A Osame Sahraoui
65%
M Ayyoub Bouaddi
64%
D Gabriel Gudmundsson
64%
A Matias Fernandez-Pardo
57%
D Mitchel Bakker
57%
M Ngal'ayel Mukau
56%
M Ethan Mbappé
54%
M Nabil Bentaleb
54%
D Samuel Umtiti
49%
G Marc-Aurèle Caillard
45%
D Rafael Fernandes
26%
D Akim Zedadka
25%
Aucun quiz correspondant
Distribution des résultats
% des personnes avec chaque résultat
Percentile par nombre de réponses
Votre historique - résultats
Vous n’avez pas pris ce quiz depuis la dernière actualisation